000 00409nam a2200157Ia 4500
008 240729s9999 xx 000 0 und d
022 _a2643-1564
245 0 _aPhysical Review Research
260 _aUnited States
260 _bAmerican Physical Society
650 _a Physics
650 _aScience
856 _uhttps://doaj.org/toc/6f823a7c3800440b8805903f02f3f461
942 _2ddc
942 _cDOAJEJ
999 _c67452
_d67452
945 _a1
_bMadushi Gamage
_c1
_dMadushi Gamage